लोड हो रहा है...

Econometric applications in India

ग्रंथसूची विवरण
मुख्य लेखक: Krishna, K L, Ed
स्वरूप: Printed Book
प्रकाशित: Oxford University Press, Calcutta 1997
विषय:
LEADER 00514nam a2200193 4500
020
082 |a 330.0182 KRI-E 
100 |a Krishna, K L, Ed. 
245 |a Econometric applications in India 
250
260 |a Oxford University Press, Calcutta  |c 1997 
300
490
500
590 |b Gift 
650 |a Econometrics-- Economics 
942 |c BK 
999 |c 114291  |d 114291 
952 |0 0  |1 0  |4 0  |6 330_018200000000000_KRIE  |7 0  |9 127758  |a ECN  |b ECN  |l 0  |o 330.0182 KRI-E  |p ECN11313  |r 2019-09-25  |w 2019-09-25  |y BK